|
|
|
|
| LEADER |
00000cam a2200000 a 4500 |
| 001 |
70906 |
| 005 |
20230308162601.0 |
| 008 |
014111|1978 ||||||||r|||||||||||spa|| |
| 020 |
|
|
|a 8426702252
|
| 040 |
|
|
|b spa
|
| 041 |
1 |
|
|a spa
|
| 082 |
0 |
|
|a 621.38
|
| 100 |
1 |
|
|a Kiveer, Moilton D.
|9 35362
|
| 245 |
1 |
1 |
|a Electrónica transistorizada e integrada
|c Milton S. Kiver, Angel Grau Oliete y Eduardo Quintana Loche, trad.
|h imp
|
| 264 |
|
|
|a Barcelona
|b Marcombo
|c 1978
|
| 300 |
|
|
|a 653 páginas:
|b ilu
|c 23.5 cm
|
| 504 |
|
|
|a incl. ref.
|
| 650 |
1 |
0 |
|a Electrónica
|9 9045
|
| 650 |
1 |
|
|a Transistores
|9 35145
|
| 650 |
1 |
|
|a Semiconductores electricos
|9 34898
|
| 852 |
|
|
|a UC-CDJBV
|c SEGUNDO PISO
|f Compra
|k zulay.encalada
|l 1
|m General
|p 20141111
|q 1.00
|r 2
|t 70906
|b 0
|d CDRC
|e CDRC
|g 621.38 SEGUNDO PISO
|z 2014-41-11
|
| 942 |
|
|
|c BK
|
| 999 |
|
|
|c 18637
|d 18637
|